Central Library OPAC University of Rajshahi

Europe in the seventeenth century / (Record no. 24764)

MARC details
000 -LEADER
fixed length control field 00786nam a2200253 a 4500
001 - CONTROL NUMBER
control field 24764
003 - CONTROL NUMBER IDENTIFIER
rucl marc code BD-RjUL
005 - DATE AND TIME OF LATEST TRANSACTION
control field 20211209001109.0
008 - FIXED-LENGTH DATA ELEMENTS--GENERAL INFORMATION
fixed length control field 140315s1954 enkb b 001 0 eng d
035 ## - SYSTEM CONTROL NUMBER
System control number (BD-RjUL)24833
040 ## - CATALOGING SOURCE
Transcribing agency CIN
Modifying agency m.c
-- EUX
-- BD-RjUL
Original cataloging agency CIN
Language of cataloging eng
041 ## - LANGUAGE CODE
Language code of text/sound track or separate title eng
082 ## - DEWEY DECIMAL CLASSIFICATION NUMBER
Classification number 940.22
Author mark and year OGE 1954
100 1# - MAIN ENTRY--PERSONAL NAME
Personal name Ogg, David,
Dates associated with a name 1887-1965.
9 (RLIN) 74386
245 10 - TITLE STATEMENT
Title Europe in the seventeenth century /
Statement of responsibility, etc. David Ogg.
250 ## - EDITION STATEMENT
Edition statement 6th ed., rev.
260 ## - PUBLICATION, DISTRIBUTION, ETC. (IMPRINT)
Place of publication, distribution, etc. London :
Name of publisher, distributor, etc. A. and C. Black,
Date of publication, distribution, etc. 1954.
300 ## - PHYSICAL DESCRIPTION
Pagination viii, 576 p. :
Illustrations ill., fold. maps ;
Size 23 cm.
490 1# - SERIES STATEMENT
Series statement History of Europe
504 ## - BIBLIOGRAPHY, ETC. NOTE
Bibliography, etc Bibliography : p.553-561 and index.
651 #0 - SUBJECT ADDED ENTRY--GEOGRAPHIC NAME
Geographic name Europe
General subdivision History
Chronological subdivision 17th century.
9 (RLIN) 45540
830 #0 - SERIES ADDED ENTRY--UNIFORM TITLE
Uniform title History of Europe (A. & C. Black (Firm))
942 ## - ADDED ENTRY ELEMENTS (KOHA)
Source of classification or shelving scheme Dewey Decimal Classification
Koha item type Books
Holdings
Lost status Source of classification or shelving scheme Damaged status Not for loan Collection code Permanent Location Current Location Shelving location Date acquired Source of acquisition Cost, normal purchase price Total Checkouts Full call number Date last seen Copy number Koha item type
  Dewey Decimal Classification   Added to bundle Non-fiction Central Library, University of Rajshahi Central Library, University of Rajshahi Reading Room 20/09/1955 B. H. Blackwell 1.45   940.22 OGE 1954 15/03/2014 C-1 Books